Töredékek egy művész életéből a fiatalon elhunyt szobrász, Fandrusz János emlékére

Bibliographic Details
Main Author: Batka, Antónia (Author)
Other Authors: Nádori, Lídia, 1971- (Translator)
Format: Book
Language:Hungarian
German
PhysicalDescription:296 s., [7] s. fotogr. príl. fotogr. 16 cm
Published: Pozsony Phoenix Polgári Társulás 2014
ISBN:9788089748013 (brož.)
Edition:1. kiad.
Subjects:

MARC

LEADER 00000nam a2200000 a 4500
001 vtls011592617
003 SK-MaSNL
005 20260426005904.0
008 240318s2014 xo o g 000 fdhun
015 |a SNBA2016/12 
020 |a 9788089748013 (brož.)  |z 9788089748006 
035 |a A7715D37-9BBE-4DBC-9B4C-6C858637F665 
035 |a urn:nbn:sk:snk-amycvz 
035 |a urn:nbn:sk:snk-am00chpn 
040 |a SNK  |b slo  |c SNK  |e AACR2 
041 1 |a hun  |h ger 
043 |a e-xo---  |a e-hu--- 
044 |a xo  |c SK 
072 7 |a 821.162.4-3  |x Slovenská próza  |2 konspekt 
072 7 |a 73  |x Sochárstvo, keramika, porcelán, umelecké spracovanie kovov  |2 konspekt 
080 |a 821.162.4-31  |2 2011 
080 |a 94(437.6)  |2 2011 
080 |a (439)  |2 2011 
080 |a (0:82-312.6)  |2 2011 
080 |a 73  |2 2011 
100 1 |a Batka, Antónia  |4 aut  |9 660388 
240 1 0 |a Fragmente aus einer Künstlerleben  |l Maďarsky 
245 1 0 |a Töredékek egy művész életéből  |b a fiatalon elhunyt szobrász, Fandrusz János emlékére  |c Antónia Batka ; [a fordítás az alábbi kiadás alapján készült: Nádori ‪Lídia] 
250 |a 1. kiad. 
260 |a Pozsony  |b Phoenix Polgári Társulás  |c 2014 
300 |a 296 s., [7] s. fotogr. príl.  |b fotogr.  |c 16 cm 
504 |a Pozn. 
600 1 7 |a Fadrusz, Ján,  |d 1858-1903  |2 SNKMA  |9 39058 
648 7 |a 19.-20. stor.  |2 SNKPH  |9 268609 
648 7 |a 19th-20th centuries  |2 SNKPHeng  |9 282960 
650 0 7 |a sochári  |2 SNKPH  |9 3055 
650 0 7 |a Sculptors  |2 SNKPHeng  |9 279132 
651 7 |a Bratislava (Slovensko)  |2 SNKPH  |9 14568 
651 7 |a Bratislava (Slovakia)  |2 SNKPHeng  |9 171234 
655 7 |a slovenské romány  |2 SNKPHeng  |9 70324 
655 7 |a Slovak fiction  |2 SNKPHeng  |9 277096 
655 7 |a biografické romány  |2 SNKPHeng  |9 1532 
655 7 |a Biographical novels  |2 SNKPHeng  |9 278552 
700 1 |a Nádori, Lídia,  |d 1971-  |4 trl  |9 660389 
752 |a Slovensko  |d Bratislava 
919 |a 978-80-89748-01-3 
958 |a LX 
958 |a UP 
958 |a NM 
968 |a Mag  |b DT 
999 |c 1019513  |d 1021443 
952 |a SNK  |b SNK  |y PREZ  |7 0  |p 17A1218154  |o snkSD 85740  |i snk2016/26555  |8 0  |0 0  |1 0  |4 0  |d 2016-11-14  |f 1  |l 0  |r 2026-02-24 13:19:56  |w 2026-02-24 
952 |a SNK  |b SNK  |y VYP  |7 0  |p 17A1218153  |o snkSD 85740 D1  |i snk2016/26557  |8 0  |0 0  |1 0  |4 0  |d 2016-11-14  |l 0  |r 2026-02-24 13:19:56  |w 2026-02-24